Binomický a poissonovský GLM model a jeho využitie pri tvorbe produktu neživotného poistenia

Salvato in:
Dettagli Bibliografici
Autore principale: Zelina, Jozef
Natura: Capitolo di libro
Lingua:slovacco
Soggetti:
Tags: Aggiungi Tag
Nessun Tag, puoi essere il primo ad aggiungerne!!

MARC

LEADER 00000naa$a2200000$$$4500
001 0078956
005 20240502071914.3
041 0 |a slo 
044 |a SK 
245 1 0 |a Binomický a poissonovský GLM model a jeho využitie pri tvorbe produktu neživotného poistenia  |c Jozef Zelina 
500 |a Abstrakt 
610 2 0 |a poisťovníctvo 
610 2 0 |a poistenie neživotné 
610 2 0 |a modely 
610 2 0 |a modelovanie 
610 2 0 |a kalkulácia 
610 2 0 |a pravdepodobnosť 
100 1 |a Zelina, Jozef